Normal view MARC view
  • Florence (Italy)

Entry Geographic Name

Number of records used in: 5

001 - CONTROL NUMBER

  • control field: 5619

003 - CONTROL NUMBER IDENTIFIER

  • control field: NUST

005 - DATE AND TIME OF LATEST TRANSACTION

  • control field: 20171024171620.0

008 - FIXED-LENGTH DATA ELEMENTS

  • fixed length control field: 171024|| aca||aabn | a|a d

040 ## - CATALOGING SOURCE

  • Original cataloging agency: NUST
  • Transcribing agency: NUST

151 ## - HEADING--GEOGRAPHIC NAME

  • Geographic name: Florence (Italy)
  • Form subdivision: Fiction.

670 ## - SOURCE DATA FOUND

  • Source citation: Work cat.: (NUST)0: Brown, Dan, 1964- 4573, Inferno /, 2013.
© 2023 Central Library, National University of Sciences and Technology. All Rights Reserved.